• 首页
  • 本馆介绍
  • 公告通知
  • 最新文献
  • 馆藏检索
  • 电子资源
  • 读者导购
  • 参考咨询
  • 我的图书馆
  • 登录
  • 详细信息显示
  • 放入我的书架
  • 预约/预借图书
  • 作者相关作品
  • 分类相关作品
  • 丛书相关作品
  • 出版社相关作品

书目信息

  • 表格格式
  • 工作单格式
  • 卡片格式
题名:
有限元法
    
 
作者: Zienkiewicz , 监凯维奇 著 ;尹泽勇 , 江伯南 译
分册: 上册  
出版信息: 北京   科学出版社  1985
页数: 443页
开本: 20cm
丛书名: 力学名著译丛
单 册:
中图分类: O242.21
科图分类:
主题词: 工程技术-有限元法-应用 , 有限元法-应用-工程技术 , 计算数学
电子资源:
ISBN:
000 00968nam2 2200325 45
001 0185017209
005 20061121162506.12
010    @dCNY4.00
100    @a19951115d1985 em y0chiy0121 ea
101 1  @achi@ceng
102    @aCN@b110000
105    @ay z 000yy
200 10 @a有限元法@h上册@Ayou xian yuan fa@f(英)监凯维奇(Zienkiewicz,O.C.)著@g尹泽勇,江伯南译
210    @a北京@c科学出版社@d1985
215    @a443页@d20cm
225 2  @a力学名著译丛
300    @a书名原文:The Finite Element Method
410  0 @120010@a力学名著译丛
510 1  @aThe Finite Element Method@zeng
606    @a工程技术-有限元法-应用
606    @a有限元法-应用-工程技术
606 0  @a计算数学
690    @aO242.21@v3
701 A1 @aZienkiewicz@bO.C.@4著
701  1 @a监凯维奇@bO.C.@4著@Ajian kai wei qi
702  0 @a尹泽勇@4译@Ayin ze yong
702  0 @a江伯南@4译@Ajiang bai nan
801  2 @aCN@bNLC@c20061121
801  0 @aCN@bTSSF
905    @a10447@dO242.21@e5:1
    
    有限元法.上册/(英)监凯维奇(Zienkiewicz,O.C.)著/尹泽勇,江伯南译.-北京:科学出版社,1985
    443页;20cm.-(力学名著译丛)
    书名原文:The Finite Element Method
    
    ISBN :CNY4.00
    
●
相关链接 在E读中查询图书 在五车中查询图书 在当当中查询图书 在豆瓣中查询图书


正题名:有限元法     索取号:O242.21/5:1         预约/预借

序号 登录号 条形码 馆藏地/架位号 状态 备注
1 0165173   001446484   第二样本阅览室/ [索取号:O242.21/5:1] 在馆    
唐山师范学院图书馆 欢迎您!
大连网信软件有限公司© 版权所有